书目信息 |
| 题名: |
非织造材料及性能检测
|
|
| 作者: | 张得昆 主编 | |
| 分册: | ||
| 出版信息: | 上海 东华大学出版社 2021.2 |
|
| 页数: | 251页 | |
| 开本: | 26cm | |
| 丛书名: | ||
| 单 册: | ||
| 中图分类: | TS177 | |
| 科图分类: | ||
| 主题词: | 非织造织物--性能检测 | |
| 电子资源: | ||
| ISBN: | 978-7-5669-1693-8 | |
| 000 | 01145nam0 2200277 45 | |
| 001 | 012001001471 | |
| 005 | 20140914082632.0 | |
| 010 | @a978-7-5669-1693-8@dCNY69.00 | |
| 100 | @a20210304d2021 em y0chiy50 ea | |
| 101 | 0 | @achi |
| 102 | @aCN@b310000 | |
| 105 | @aak az 000yy | |
| 106 | @ar | |
| 200 | 1 | @a非织造材料及性能检测@Afei zhi zao cai liao ji xing neng jian ce@b专著@dNonwoven material and performance testing@f张得昆主编@zeng |
| 210 | @a上海@c东华大学出版社@d2021.2 | |
| 215 | @a251页@c图@d26cm | |
| 300 | @a纺织服装高等教育"十四五"部委级规划教材 | |
| 300 | @a并列题名:Nonwoven material and performance testing | |
| 320 | @a有书目 | |
| 330 | @a本书介绍了非织造材料的性能、测试指标及测试方法,主要包括非织造材料的分类、用途和基本加工原理,非织造材料的结构参数及其测试方法、力学性能及其测试方法、通透性能及其测试方法、功能性与其他性能的测试方法,以及常见非织造材料的性能要求和测试指标等内容。 | |
| 510 | 1 | @aNonwoven material and performance testing@zeng |
| 606 | 0 | @a非织造织物@x性能检测 |
| 690 | @aTS177@v5 | |
| 701 | 0 | @a张得昆@Azhang de kun@4主编 |
| 801 | 0 | @aCN@bBJSDL@c20211011 |
| 905 | @b1334630-3@dTS177@e17@f4 | |
| 非织造材料及性能检测=Nonwoven material and performance testing/张得昆主编.-上海:东华大学出版社,2021.2 |
| 251页:图;26cm |
| 纺织服装高等教育"十四五"部委级规划教材.-并列题名:Nonwoven material and performance testing |
| ISBN 978-7-5669-1693-8:CNY69.00 |
| 本书介绍了非织造材料的性能、测试指标及测试方法,主要包括非织造材料的分类、用途和基本加工原理,非织造材料的结构参数及其测试方法、力学性能及其测试方法、通透性能及其测试方法、功能性与其他性能的测试方法,以及常见非织造材料的性能要求和测试指标等内容。 |
| ● |
| 相关链接 |
|
|
|
|
正题名:非织造材料及性能检测
索取号:TS177/17
 
预约/预借
| 序号 | 登录号 | 条形码 | 馆藏地/架位号 | 状态 | 备注 |
| 1 | 1334630 | 213346306 | 第二样本阅览室/ [索取号:TS177/17] | 在馆 | |
| 2 | 1334631 | 213346315 | 第三借阅区/ [索取号:TS177/17] | 在馆 | |
| 3 | 1334632 | 213346324 | 第三借阅区/ [索取号:TS177/17] | 在馆 | |
| 4 | 1334633 | 213346333 | 第三借阅区/ [索取号:TS177/17] | 在馆 |